[Event "ECC"]
[Site "Halkidiki GRE"]
[Date "2002.09.24"]
[Round "3"]
[White "Coenen,N"]
[Black "Vinter Schou,U"]
[Result "1/2-1/2"]
[WhiteElo "2425"]
[BlackElo "2342"]
[EventDate "2002.09.22"]

1. e4 c5 2. Nf3 Nc6 3. d4 cxd4 4. Nxd4 Nf6 5. Nc3 d6 6. Be2 e6 7. O-O Be7
8. Be3 O-O 9. f4 a6 10. Qe1 Qc7 11. Qg3 Bd7 12. Kh1 Kh8 13. Rad1 b5 14. a3
Rac8 15. Rf2 Qb8 16. Bd3 e5 17. Nf5 Bxf5 18. exf5 Rfe8 19. Ne4 d5 20. Nxf6
Bxf6 21. fxe5 Bxe5 22. Bf4 f6 23. c3 Na5 1/2-1/2

[Event "ECC"]
[Site "Halkidiki GRE"]
[Date "2002.09.24"]
[Round "3"]
[White "Pedersen,F"]
[Black "Ahn,M"]
[Result "1-0"]
[WhiteElo "2266"]
[BlackElo "2294"]
[EventDate "2002.09.22"]

1. e4 c5 2. Nc3 Nc6 3. g3 g6 4. Bg2 Bg7 5. d3 d6 6. Nge2 Nf6 7. O-O O-O 8.
h3 Rb8 9. Be3 b5 10. d4 b4 11. Nd5 Nxd5 12. exd5 Nxd4 13. Nxd4 cxd4 14.
Bxd4 Qc7 15. a3 a5 16. Bxg7 Kxg7 17. axb4 Rxb4 18. Qd2 Qc5 19. c3 Rb3 20.
Qc2 Qb6 21. Ra2 Bd7 22. Re1 Re8 23. Bf1 Bf5 24. Qd2 Qc5 25. Qf4 Bd7 26. h4
Bb5 27. Rxa5 Qb6 28. Rxb5 Rxb5 29. Bxb5 Qxb5 30. Qd4+ f6 31. b4 Kf8 32. Qe4
Qb7 33. h5 Kf7 34. Qe6+ Kf8 35. hxg6 hxg6 36. Kg2 Rc8 37. Re3 Rc4 38. g4 g5
39. Rh3 Kg7 40. Qf5 Rxg4+ 41. Qxg4 Qxd5+ 42. Qf3 Qe6 43. Qd3 f5 44. Qd4+
Kg6 45. b5 1-0

[Event "ECC"]
[Site "Halkidiki GRE"]
[Date "2002.09.24"]
[Round "3"]
[White "Marechal,A"]
[Black "Rasmussen,C"]
[Result "1-0"]
[WhiteElo "2288"]
[BlackElo "2304"]
[EventDate "2002.09.22"]

1. e4 c5 2. Nc3 Nc6 3. g3 g6 4. Bg2 Bg7 5. d3 d6 6. f4 e6 7. Nf3 Nge7 8.
O-O O-O 9. Be3 Nd4 10. e5 Nef5 11. Bf2 Nxf3+ 12. Qxf3 Nd4 13. Qd1 dxe5 14.
fxe5 Bxe5 15. Ne4 f5 16. Nxc5 Qd6 17. b4 Rb8 18. c3 Nb5 19. d4 Bf6 20. Qb3
b6 21. Nd3 Bb7 22. Bxb7 Rxb7 23. Nf4 Re7 24. Rfe1 Rfe8 25. a4 Nc7 26. Rad1
Nd5 27. Nd3 Bg7 28. c4 Nf6 29. c5 Qc7 30. Nf4 Qd7 31. cxb6 axb6 32. d5 Nxd5
33. Nxd5 exd5 34. Rxe7 Qxe7 35. Qxd5+ Kh8 36. Re1 Qf8 37. Rxe8 Qxe8 38. a5
h5 39. axb6 Kh7 40. b7 Be5 41. Kg2 Bb8 42. Kf3 h4 43. b5 h3 44. Be3 Bxg3
45. hxg3 h2 46. Kf2 1-0

[Event "ECC"]
[Site "Halkidiki GRE"]
[Date "2002.09.24"]
[Round "3"]
[White "Rewitz,P"]
[Black "Petzold,K"]
[Result "1-0"]
[WhiteElo "2286"]
[BlackElo "2257"]
[EventDate "2002.09.22"]

1. e4 c6 2. d4 d5 3. Nc3 dxe4 4. Nxe4 Nd7 5. Bc4 Ngf6 6. Ng5 e6 7. c3 Bd6
8. Ne2 h6 9. Nf3 Qc7 10. Be3 b6 11. Qd2 Bb7 12. Bf4 c5 13. Bb3 Bxf4 14.
Qxf4 Qxf4 15. Nxf4 cxd4 16. cxd4 g5 17. Nd3 Ke7 18. O-O Rhd8 19. Rad1 Rac8
20. Nfe5 Nf8 21. f4 Rxd4 22. fxg5 hxg5 23. Rxf6 Kxf6 24. Rf1+ Rf4 25. Ng4+
Kf5 26. Nxf4 gxf4 27. Ne3+ Kg5 28. h4+ Kf6 29. Rxf4+ Kg7 30. Rg4+ Kh8 31.
Ra4 a5 32. Rf4 Kg7 33. Nc4 Rc5 34. Nd6 Rc7 35. Ne8+ 1-0

[Event "ECC"]
[Site "Halkidiki GRE"]
[Date "2002.09.24"]
[Round "3"]
[White "Luther,T"]
[Black "Van Wely,L"]
[Result "1/2-1/2"]
[WhiteElo "2551"]
[BlackElo "2645"]
[EventDate "2002.09.22"]

1. e4 c5 2. Nf3 Nc6 3. d4 cxd4 4. Nxd4 Nf6 5. Nc3 e5 6. Ndb5 d6 7. Bg5 a6
8. Na3 b5 9. Bxf6 gxf6 10. Nd5 f5 11. Bd3 Be6 12. O-O Bxd5 13. exd5 Ne7 14.
Re1 Bg7 15. Rb1 O-O 16. c4 e4 17. Bf1 Qb6 18. Qh5 Rfc8 19. b4 Qd4 20. Rb3
bxc4 21. Nxc4 Rxc4 22. Rd1 Rac8 23. Rxd4 Rxd4 24. Rb1 Rc2 25. b5 axb5 26.
Bxb5 Rxd5 27. Ba4 Rxa2 28. Bb3 Raa5 29. Bxd5 Rxd5 30. Rb8+ Bf8 31. Qg5+ Ng6
32. h4 h5 33. Qxh5 Kg7 34. g4 Rd1+ 35. Kh2 fxg4 36. Qxg4 Rd2 37. Kg1 Be7
38. h5 Rd5 39. Kf1 Rg5 40. Qxe4 Rxh5 41. Qa8 Rg5 42. Rb3 Bf6 43. Rf3 Rc5
44. Qb7 Rc1+ 45. Ke2 Rc2+ 46. Kd1 Rc5 47. Qd7 Rd5+ 48. Kc2 Rc5+ 49. Kb3 Rd5
50. Ka3 Ra5+ 51. Kb4 Re5 52. Ka4 Be7 53. Rg3 Bh4 54. Rg2 Rd5 55. Kb3 Bg5
56. Qc6 Rd3+ 57. Ka4 Bf6 58. Rg4 d5 59. Qc2 Rf3 60. Qe2 Rf5 61. Rg3 d4 62.
Kb3 Re5 63. Qd3 Bh4 64. Rg2 Bxf2 65. Rxf2 Re3 66. Kc2 Rxd3 67. Kxd3 Kf8
1/2-1/2

[Event "ECC"]
[Site "Halkidiki GRE"]
[Date "2002.09.24"]
[Round "3"]
[White "Relange,E"]
[Black "Stanec,N"]
[Result "1/2-1/2"]
[WhiteElo "2494"]
[BlackElo "2523"]
[EventDate "2002.09.22"]

1. d4 Nf6 2. Nf3 e6 3. c4 c5 4. d5 exd5 5. cxd5 d6 6. Nc3 a6 7. a4 g6 8. e4
Bg7 9. h3 O-O 10. Bd3 Re8 11. O-O c4 12. Bc2 Nbd7 13. Re1 1/2-1/2

[Event "ECC"]
[Site "Halkidiki GRE"]
[Date "2002.09.24"]
[Round "3"]
[White "Watzka,H"]
[Black "Apicella,M"]
[Result "1/2-1/2"]
[WhiteElo "2351"]
[BlackElo "2510"]
[EventDate "2002.09.22"]

1. e4 e6 2. d4 d5 3. Nd2 Nf6 4. e5 Nfd7 5. Bd3 c5 6. c3 Nc6 7. Ne2 cxd4 8.
cxd4 f6 9. exf6 Nxf6 10. Nf3 Bd6 11. O-O O-O 12. Bf4 Bxf4 13. Nxf4 Ne4 14.
Qc1 Ng5 15. Nxg5 Qxg5 16. Ne2 Qf6 17. Qe3 Bd7 18. Bb5 Nb8 19. Bd3 Nc6 20.
Bb5 Rae8 21. f4 Nb8 22. Bd3 Re7 23. Rae1 Nc6 24. Qd2 a6 25. h3 h5 26. Qe3
h4 27. Bb1 Ref7 28. Kh2 Qh6 29. Rf3 Ne7 30. Bd3 Rf6 31. Rc1 Nc6 32. Rg1 Nb4
33. g4 hxg3+ 34. Rfxg3 Nxd3 35. Qxd3 Bb5 36. Rxg7+ Qxg7 37. Rxg7+ Kxg7 38.
Qe3 Bxe2 39. Qxe2 Rxf4 40. Qxe6 R4f5 41. a4 R8f6 42. Qd7+ Rf7 43. Qe6 Rf2+
44. Kg3 R2f6 45. Qxd5 Kh7 46. Qh5+ Kg7 47. Qd5 Kh7 1/2-1/2

[Event "ECC"]
[Site "Halkidiki GRE"]
[Date "2002.09.24"]
[Round "3"]
[White "Moingt,JC"]
[Black "Detter,P"]
[Result "1-0"]
[WhiteElo "2284"]
[BlackElo "2170"]
[EventDate "2002.09.22"]

1. e4 Nf6 2. e5 Nd5 3. d4 d6 4. c4 Nb6 5. exd6 cxd6 6. Nc3 g6 7. Be3 Bg7 8.
Rc1 O-O 9. b3 Nc6 10. d5 Ne5 11. Be2 f5 12. f4 Nf7 13. Nf3 e5 14. dxe6 Bxe6
15. Bd4 d5 16. Bxg7 Kxg7 17. c5 Nd7 18. Nxd5 Qa5+ 19. b4 Qxa2 20. Qd4+ Kh6
21. Nc3 Qa3 22. O-O a5 23. Nb5 Qxb4 24. Qxb4 axb4 25. Nc7 Rae8 26. Nxe8
Rxe8 27. Bb5 Rd8 28. Rfe1 Nf8 29. Bc4 Bxc4 30. Rxc4 Rc8 31. Nd2 Nd8 32. Re8
Nfe6 33. Nb3 Nc7 34. Rg8 Nce6 35. Rxb4 Rc7 36. Ra4 Nc6 37. g3 Rd7 38. Ra1
Rd3 39. Na5 Nxc5 40. Nxc6 bxc6 41. Ra7 Ne4 42. Rh8 Nf6 43. Rc7 Rd6 44. Kf1
Kh5 45. Rhc8 Rd1+ 46. Ke2 Rh1 47. Rf8 Kg4 48. Rxf6 Rxh2+ 49. Ke3 Rh3 50.
Rfxc6 Rxg3+ 51. Kf2 Rf3+ 52. Ke2 Kxf4 53. Rxh7 g5 54. Rc4+ Kg3 55. Rh3+
Kxh3 56. Kxf3 g4+ 57. Kf4 Kh2 58. Rc2+ Kh3 59. Ra2 1-0

[Event "ECC"]
[Site "Halkidiki GRE"]
[Date "2002.09.24"]
[Round "3"]
[White "Hickl,J"]
[Black "Stryjecki,M"]
[Result "1/2-1/2"]
[WhiteElo "2602"]
[BlackElo "2424"]
[EventDate "2002.09.22"]

1. g3 g6 2. Bg2 Bg7 3. d3 d5 4. Nf3 e5 5. O-O Ne7 6. Nbd2 O-O 7. e4 h6 8.
b4 Nbc6 9. Bb2 Bg4 10. c3 a6 11. h3 Be6 12. Qc2 Qd7 13. Kh2 Rad8 14. Rfe1
g5 15. a3 Ng6 16. Rad1 f5 17. Nb3 b6 18. exd5 Bxd5 19. c4 Bf7 20. b5 axb5
21. cxb5 Nd4 22. Nbxd4 exd4 23. a4 Bd5 24. Nd2 Rf7 1/2-1/2

[Event "ECC"]
[Site "Halkidiki GRE"]
[Date "2002.09.24"]
[Round "3"]
[White "Vanderstricht,G"]
[Black "Atlas,V"]
[Result "1/2-1/2"]
[WhiteElo "2404"]
[BlackElo "2501"]
[EventDate "2002.09.22"]

1. d4 Nf6 2. c4 e6 3. Nf3 b6 4. g3 Bb7 5. Bg2 Be7 6. O-O O-O 7. Nc3 Ne4 8.
Bd2 d6 9. d5 Nxd2 10. Qxd2 e5 11. b4 Nd7 12. e4 g6 13. Qc2 Bc8 14. Bh3 Kh8
15. Nd2 a5 16. bxa5 Rxa5 17. Nb3 Ra8 18. a4 f5 19. a5 Nc5 20. axb6 Rxa1 21.
Rxa1 Nxb3 22. Qxb3 cxb6 23. Ra7 Bg5 24. Qb2 Bh6 25. exf5 gxf5 26. Na4 f4
27. Ra8 Qc7 28. Bxc8 Rxc8 29. Qxb6 Qxc4 30. Rxc8+ Qxc8 31. Qxd6 Qc1+ 32.
Kg2 f3+ 33. Kxf3 Qd1+ 34. Kg2 Qxa4 35. Qxh6 Qe4+ 36. Kh3 Qf5+ 37. Kg2 Qe4+
38. Kh3 Qf5+ 39. Kh4 Qxf2 40. Kh3 Qf5+ 41. Kh4 Qe4+ 42. g4 Qxd5 43. Qf8+
Qg8 44. Qf6+ Qg7 45. Qd8+ Qg8 46. Qxg8+ Kxg8 47. Kg5 Kf7 48. Kf5 e4 49.
Kxe4 Kg6 50. h4 Kf6 51. Kd5 Kg6 52. Ke6 Kg7 53. Ke7 Kg8 54. Ke8 Kg7 55. Ke7
Kg8 56. Kf6 Kf8 57. Kg5 Kg7 58. Kf4 Kf6 59. Ke4 Kg6 60. Ke5 Kg7 61. Ke6 Kg6
62. Ke7 Kg7 63. h5 Kg8 64. Kf6 Kf8 65. g5 Kg8 66. Ke7 Kg7 67. h6+ Kg8 68.
Kf6 Kh8 69. g6 hxg6 70. Kxg6 1/2-1/2

[Event "ECC"]
[Site "Halkidiki GRE"]
[Date "2002.09.24"]
[Round "3"]
[White "Roofdhooft,M"]
[Black "Naumann,A"]
[Result "0-1"]
[WhiteElo "2260"]
[BlackElo "2507"]
[EventDate "2002.09.22"]

1. e4 c5 2. Nf3 d6 3. d4 cxd4 4. Nxd4 Nf6 5. Nc3 a6 6. f4 Qc7 7. Nf3 Nbd7
8. Bd3 g6 9. O-O Bg7 10. a4 O-O 11. Qe1 e5 12. fxe5 dxe5 13. Qh4 b6 14. Bg5
Bb7 15. Kh1 Nh5 16. Rae1 Nf4 17. Bh6 Bxh6 18. Qxh6 f6 19. Rd1 Rad8 20. Nh4
Rf7 21. Rf3 Nf8 22. g3 Nxd3 23. cxd3 b5 24. axb5 axb5 25. Rdf1 b4 26. Nd1
f5 27. Kg1 Rdd7 28. Qe3 Qd8 29. Qc5 Ne6 30. Qxe5 Ng5 31. Rxf5 gxf5 32. Nxf5
Rxf5 33. Rxf5 Nf7 34. Qe6 Bc8 35. Rf4 Rc7 36. Qb3 Qd6 37. Nf2 Be6 38. Qa4
Kg7 39. h4 Ne5 40. Qe8 Rc8 41. Qb5 Rc1+ 42. Kg2 Rc2 43. Qb7+ Bd7 44. Rf5
Nxd3 45. Rd5 Rxf2+ 46. Kh1 Rf1+ 47. Kh2 Rf2+ 48. Kh1 Nc5 49. Rxd6 Nxb7 50.
Rxd7+ Rf7 51. Rd5 b3 52. Kg2 Rc7 53. Rb5 Rc2+ 54. Kf3 Nc5 55. Kf4 Nd3+ 56.
Kg4 Nxb2 0-1

[Event "ECC"]
[Site "Halkidiki GRE"]
[Date "2002.09.24"]
[Round "3"]
[White "Bezold,M"]
[Black "Boeykens,M"]
[Result "1-0"]
[WhiteElo "2468"]
[BlackElo "2240"]
[EventDate "2002.09.22"]

1. b3 Nf6 2. Bb2 g6 3. Bxf6 exf6 4. c4 Bg7 5. Nc3 O-O 6. g3 f5 7. Bg2 d6 8.
e3 c6 9. Nge2 Nd7 10. O-O Nf6 11. Rc1 Re8 12. b4 Be6 13. Qb3 d5 14. cxd5
cxd5 15. Nf4 d4 16. Nxe6 Rxe6 17. Nb5 dxe3 18. dxe3 Rb6 19. a4 a6 20. Nc7
Rc8 21. Nd5 Nxd5 22. Bxd5 Rc7 23. Rfd1 Qe7 24. a5 Rxc1 25. Rxc1 Rd6 26. b5
Qd7 27. bxa6 bxa6 28. Qb8+ Bf8 29. Rc7 Qxc7 30. Qxc7 Rxd5 31. Qb6 Rd6 32.
Qb7 Re6 33. Kg2 Kg7 34. h3 h5 35. Kf3 Be7 36. g4 fxg4+ 37. hxg4 hxg4+ 38.
Kxg4 Bf6 39. Qc8 Be7 40. Qb7 Bf6 41. Qc8 Be7 42. Qc3+ Bf6 43. Qd3 Kg8 44.
f4 Be7 45. e4 Bb4 46. Qd8+ Bf8 47. Qc8 Kg7 48. Qb7 Rxe4 49. Qxa6 Bb4 50.
Qb6 Bxa5 51. Qxa5 Re6 52. Kg5 Kh7 53. Qc7 Kg7 54. Qb7 Re2 55. Qc6 Re6 56.
Qd5 Re2 57. Qd4+ Kg8 58. Qd3 Re1 59. Qc2 Re3 60. Qd1 Re6 61. Kh6 Kf8 62.
Qd8+ Re8 63. Qd6+ Re7 64. Qc5 1-0

[Event "ECC"]
[Site "Halkidiki GRE"]
[Date "2002.09.24"]
[Round "3"]
[White "Dardha,A"]
[Black "Novkovic,Mi"]
[Result "0-1"]
[WhiteElo "2245"]
[BlackElo "2375"]
[EventDate "2002.09.22"]

1. e4 c5 2. Nf3 e6 3. d4 cxd4 4. Nxd4 Nf6 5. Nc3 d6 6. Bc4 Be7 7. O-O O-O
8. Be3 a6 9. a4 b6 10. Qe2 Qc7 11. Ba2 Bb7 12. f3 Nc6 13. Nxc6 Bxc6 14.
Rfd1 Nd7 15. Bd4 Qb7 16. Qf2 b5 17. axb5 axb5 18. Qg3 Nf6 19. Ne2 b4 20.
Bc4 Bb5 21. Bxb5 Qxb5 22. Qf2 e5 23. Be3 d5 24. exd5 Nxd5 25. Kh1 Qc4 26.
Ba7 Rfc8 27. Ng3 Nf6 28. Nf5 Bf8 29. Ne3 Qc7 30. Ng4 Nxg4 31. fxg4 Qxc2 32.
Qf3 h6 33. h4 Qc6 34. Qf5 Re8 35. Rf1 Qb7 36. Be3 e4 37. g5 hxg5 38. hxg5
g6 39. Qf2 Bg7 40. Rxa8 Rxa8 41. Bd4 Bxd4 42. Qxd4 Qe7 43. Rf4 Re8 44. Rh4
Qe5 45. Qxe5 Rxe5 46. Kg1 e3 47. Kf1 e2+ 48. Ke1 Rxg5 49. Rxb4 Rxg2 50. Rb6
f5 51. b4 Kg7 52. Rb7+ Kf6 53. b5 f4 54. Rb8 Kg5 55. Rh8 f3 56. Rh1 Kf4 0-1

[Event "ECC"]
[Site "Halkidiki GRE"]
[Date "2002.09.24"]
[Round "3"]
[White "Borovikov,V"]
[Black "Suba,M"]
[Result "1-0"]
[WhiteElo "2570"]
[BlackElo "2507"]
[EventDate "2002.09.22"]

1. d4 Nf6 2. Nf3 e6 3. c4 c5 4. d5 d6 5. Nc3 exd5 6. cxd5 g6 7. h3 a6 8. a4
Qe7 9. Bf4 Nbd7 10. e3 Bg7 11. Be2 O-O 12. O-O Rb8 13. Re1 Ne8 14. e4 Ne5
15. Nxe5 Bxe5 16. Bh6 Ng7 17. f4 Bd4+ 18. Kh2 Bd7 19. Qd2 Rbe8 20. Bd3 Bc8
21. Ne2 Bf2 22. Rf1 Bh4 23. g3 Qd7 24. Ng1 Bf6 25. Rae1 Qxa4 26. Nf3 Qb4
27. Qxb4 cxb4 28. e5 Bd8 29. exd6 Bf6 30. Rxe8 Rxe8 31. Ne5 Rd8 32. Re1 Bf5
33. Bxg7 Kxg7 34. Bxf5 gxf5 35. d7 Bxe5 36. fxe5 Rxd7 37. d6 Kg6 38. Rc1 a5
39. Rc8 Kh6 40. Kg2 a4 41. Kf3 b3 42. Ra8 b5 43. Kf4 Kg6 44. Rg8+ Kh6 45.
Kxf5 a3 46. Kf6 1-0

[Event "ECC"]
[Site "Halkidiki GRE"]
[Date "2002.09.24"]
[Round "3"]
[White "Saldano,H"]
[Black "Efimenko,Z"]
[Result "0-1"]
[WhiteElo "2414"]
[BlackElo "2557"]
[EventDate "2002.09.22"]

1. Nf3 Nf6 2. g3 g6 3. Bg2 Bg7 4. O-O O-O 5. c4 d6 6. Nc3 e5 7. d3 a5 8.
Rb1 Na6 9. a3 Re8 10. Bg5 h6 11. Bxf6 Bxf6 12. b4 Bg7 13. Qc2 c6 14. Nd2
axb4 15. axb4 Nc7 16. b5 Ne6 17. bxc6 bxc6 18. e3 Bd7 19. Ra1 f5 20. Rfb1
Qe7 21. Ra2 Reb8 22. Rxb8+ Rxb8 23. Ra7 Qd8 24. Na4 Be8 25. Qa2 Kh8 26. Qc2
f4 27. Nf1 h5 28. Nc3 g5 29. Ne2 Qf6 30. Nd2 Bg6 31. Ne4 Qf8 32. N2c3 g4
33. Rd7 Rd8 34. Rxd8 Qxd8 35. Qa4 f3 36. Bf1 Be8 37. Qa3 d5 38. Qd6 Qxd6
39. Nxd6 d4 40. exd4 exd4 41. Nce4 Bg6 42. Nc8 Bf8 43. h3 Kg7 44. hxg4 hxg4
45. Nd2 Bb4 46. Nb3 Kf6 47. Nb6 Ke7 48. Kh1 Kd8 49. Kg1 Kc7 50. Nd5+ cxd5
51. cxd5 Ng5 0-1

[Event "ECC"]
[Site "Halkidiki GRE"]
[Date "2002.09.24"]
[Round "3"]
[White "Del Rio Angelis,S"]
[Black "Areshchenko,A"]
[Result "1/2-1/2"]
[WhiteElo "2498"]
[BlackElo "2533"]
[EventDate "2002.09.22"]

1. e4 c5 2. Nf3 d6 3. d4 cxd4 4. Nxd4 Nf6 5. Nc3 a6 6. Bc4 e6 7. Bb3 b5 8.
O-O Be7 9. Qf3 Qb6 10. Bg5 O-O 11. Rad1 Nbd7 12. Rfe1 Bb7 13. Qh3 Nc5 14.
Re3 b4 15. Na4 Nxa4 16. Bxa4 Qa5 17. Bc6 Bxc6 18. Nxc6 Qxg5 19. Nxe7+ Kh8
20. Qg3 Qa5 21. Nc6 Qxa2 22. Nxb4 Qxb2 23. Qxd6 Rad8 24. Qxd8 Rxd8 25.
Rxd8+ Ng8 26. Nd3 Qb6 27. Rf8 f6 28. h3 e5 29. c4 Qd6 1/2-1/2

[Event "ECC"]
[Site "Halkidiki GRE"]
[Date "2002.09.24"]
[Round "3"]
[White "Korobov,A"]
[Black "Zlotnik,B"]
[Result "1-0"]
[WhiteElo "2534"]
[BlackElo "2423"]
[EventDate "2002.09.22"]

1. d4 Nf6 2. c4 e6 3. Nf3 d5 4. Nc3 Be7 5. cxd5 exd5 6. Bg5 c6 7. Qc2 O-O
8. e3 Nbd7 9. Bd3 Re8 10. O-O Nf8 11. h3 Be6 12. Ne5 N6d7 13. Bxe7 Rxe7 14.
f4 f6 15. Nf3 Bf7 16. Rae1 c5 17. Qd2 a6 18. Bb1 c4 19. e4 dxe4 20. Bxe4
Nb6 21. a4 Nc8 22. d5 Nd6 23. Bb1 Qb6+ 24. Qd4 Qxd4+ 25. Nxd4 Rae8 26. Rd1
Nd7 27. Nf5 Nxf5 28. Bxf5 Rd8 29. Rd4 g6 30. Be6 f5 31. Bxf7+ Kxf7 32. Rxc4
Nb6 33. Rd4 Rc7 34. Re1 Rc4 35. Rdd1 Rc5 36. Rd4 Rd6 37. Kf2 Rc7 38. g4 Rc4
39. Rxc4 Nxc4 40. b3 1-0

[Event "ECC"]
[Site "Halkidiki GRE"]
[Date "2002.09.24"]
[Round "3"]
[White "Berndt,S"]
[Black "O'Cinneide,M"]
[Result "1-0"]
[WhiteElo "2482"]
[BlackElo "2251"]
[EventDate "2002.09.22"]

1. e4 e6 2. d4 d5 3. Nc3 Nf6 4. e5 Nfd7 5. f4 c5 6. Nf3 Nc6 7. Be3 cxd4 8.
Nxd4 Bc5 9. Qd2 O-O 10. O-O-O a6 11. Kb1 Nxd4 12. Bxd4 b5 13. Qe3 Qc7 14.
Bd3 b4 15. Qh3 g6 16. Ne2 a5 17. Qe3 Ba6 18. h4 Rfc8 19. h5 Bxd3 20. cxd3
Qb6 21. g4 Bxd4 22. Nxd4 b3 23. a3 Rc2 24. f5 Rac8 25. f6 Nc5 26. Rd2 Rxd2
27. Qxd2 Qd8 28. hxg6 1-0

[Event "ECC"]
[Site "Halkidiki GRE"]
[Date "2002.09.24"]
[Round "3"]
[White "Borriss,M"]
[Black "Hurley,J"]
[Result "1-0"]
[WhiteElo "2439"]
[BlackElo "2095"]
[EventDate "2002.09.22"]

1. e4 e6 2. d4 d5 3. Nc3 Bb4 4. e5 c5 5. a3 Bxc3+ 6. bxc3 Qc7 7. Nf3 b6 8.
Bb5+ Bd7 9. Bd3 Ba4 10. O-O Nd7 11. Re1 h6 12. Nh4 Ne7 13. f4 g6 14. Be3
O-O-O 15. Bf2 g5 16. fxg5 hxg5 17. Nf3 Rdg8 18. Qd2 g4 19. Nh4 c4 20. Bf1
Ng6 21. Nxg6 Rxg6 22. Bg3 Nf8 23. Re2 Nh7 24. Bf4 Qe7 25. Rf2 Rhg8 26. Be2
Ng5 27. Bxg5 Rxg5 28. Rf6 R8g7 29. Raf1 Be8 30. Qc1 R5g6 31. Qb2 Qf8 32.
Qb4 Qxb4 33. cxb4 Rxf6 34. Rxf6 Ba4 35. c3 Bc2 36. Rh6 Kc7 37. Kf2 Kc6 38.
Rh8 Kb5 39. Ra8 a5 40. Rb8 axb4 41. axb4 Kc6 42. Kg3 Kb5 43. Ra8 Rg6 44.
Ra2 Bb1 45. Ra7 Bc2 46. Bxg4 Bd1 47. h3 Bxg4 48. hxg4 f5 49. exf6 Rxf6 50.
g5 Rf8 51. g6 e5 52. dxe5 d4 53. cxd4 Kxb4 54. Rc7 Kc3 55. d5 Kd4 56. d6
Kxe5 57. d7 Rg8 58. Kf3 Rf8+ 59. Ke2 1-0

[Event "ECC"]
[Site "Halkidiki GRE"]
[Date "2002.09.24"]
[Round "3"]
[White "Habibi,Al"]
[Black "Parker,J"]
[Result "1/2-1/2"]
[WhiteElo "2279"]
[BlackElo "2570"]
[EventDate "2002.09.22"]

1. Nf3 Nf6 2. c4 e6 3. b3 d5 4. Bb2 Be7 5. g3 O-O 6. Bg2 b6 7. O-O Bb7 8.
d3 c5 9. Nbd2 Nc6 10. a3 Qc7 11. Qc2 Rfd8 12. e3 dxc4 13. Nxc4 Rac8 14.
Rfd1 b5 15. Ncd2 Qb6 16. Rac1 Nb8 17. Qb1 Nbd7 18. h3 Nf8 19. d4 cxd4 20.
exd4 Bd5 21. Rxc8 Rxc8 22. Rc1 Rxc1+ 23. Qxc1 Qb7 24. Qc2 h6 25. Ne1 Bxg2
26. Nxg2 N8d7 27. Ne3 Nb6 28. Qd3 a6 29. Nd1 Nbd5 30. Nf3 Bd6 31. Ne1 Ne7
32. Qf3 Qc8 33. Qe2 Qc6 34. Qc2 Qb7 35. Ne3 Nfd5 36. N1g2 Qc7 37. Qxc7 Nxc7
38. Kf1 f6 39. Ke2 Kf7 40. Ne1 Nc6 41. Kd3 a5 42. N1c2 h5 43. Ng2 Ke8 44.
Bc1 Nd5 45. Bd2 Kd7 46. f4 Bc7 47. Ke4 Bb6 48. f5 exf5+ 49. Kxf5 Nce7+ 50.
Ke4 Ke6 51. g4 hxg4 52. hxg4 g6 53. Nf4+ Nxf4 54. Bxf4 Nd5 55. Bd2 Bc7 56.
Ne1 1/2-1/2

[Event "ECC"]
[Site "Halkidiki GRE"]
[Date "2002.09.24"]
[Round "3"]
[White "Sands,D"]
[Black "Schartz,A"]
[Result "0-1"]
[WhiteElo "2246"]
[BlackElo "2196"]
[EventDate "2002.09.22"]

1. d4 d5 2. c4 e6 3. Nc3 Nf6 4. cxd5 exd5 5. Bg5 c6 6. e3 h6 7. Bh4 Be7 8.
Bd3 O-O 9. Nge2 Re8 10. Bg3 Nbd7 11. Qc2 Nf8 12. O-O-O Ne6 13. Kb1 Bd7 14.
h3 Qa5 15. Be5 b5 16. Nc1 Rec8 17. f3 Qb6 18. g4 Ne8 19. h4 N8c7 20. g5 h5
21. g6 f6 22. Bxc7 Qxc7 23. f4 b4 24. Na4 c5 25. Nxc5 Nxc5 26. dxc5 Qxc5
27. Qg2 Bg4 28. Nb3 Qxe3 29. Qxd5+ Qe6 30. Bc4 Qxd5 31. Bxd5+ Kf8 32. Bxa8
Bxd1 33. Rxd1 Rxa8 34. Nd4 Bd6 35. Nf5 Bxf4 36. Rd7 Bh6 37. Kc2 a5 38. Kd3
Ke8 39. Re7+ Kd8 40. Rb7 0-1

[Event "ECC"]
[Site "Halkidiki GRE"]
[Date "2002.09.24"]
[Round "3"]
[White "Gaspar,L"]
[Black "Tucker,A"]
[Result "1/2-1/2"]
[WhiteElo "2142"]
[BlackElo "2199"]
[EventDate "2002.09.22"]

1. d4 Nf6 2. c4 c5 3. Nf3 cxd4 4. Nxd4 e5 5. Nb3 d5 6. cxd5 Qxd5 7. Qxd5
Nxd5 8. e4 Nb4 9. Bb5+ N8c6 10. Na3 Be6 11. Be3 a6 12. Bxc6+ Nxc6 13. Nc5
Bxc5 14. Bxc5 O-O-O 15. Ke2 Nd4+ 16. Ke3 Kc7 17. Rac1 Nc6 18. Nc4 Bxc4 19.
Rxc4 Rd7 20. Rhc1 Rhd8 21. R4c3 Rd1 22. Rxd1 Rxd1 23. Ke2 1/2-1/2

[Event "ECC"]
[Site "Halkidiki GRE"]
[Date "2002.09.24"]
[Round "3"]
[White "Maki,V"]
[Black "Winants,L"]
[Result "0-1"]
[WhiteElo "2384"]
[BlackElo "2504"]
[EventDate "2002.09.22"]

1. e4 e5 2. Nf3 Nc6 3. Bb5 a6 4. Ba4 Nf6 5. d4 exd4 6. O-O Be7 7. Re1 b5 8.
e5 Nxe5 9. Rxe5 bxa4 10. Nxd4 O-O 11. Nc3 Bd6 12. Re1 a3 13. bxa3 Re8 14.
Bg5 Rxe1+ 15. Qxe1 Bb7 16. Rb1 Qe8 17. Qxe8+ Rxe8 18. Bxf6 gxf6 19. Kf1 Ba8
20. Rb3 Be5 21. Nf5 d5 22. Ne2 c5 23. f4 Bc7 24. Rg3+ Kh8 25. Nh6 Rf8 26.
Re3 Bd6 27. Rb3 d4 28. Rb6 Bc7 29. Rxa6 Be4 30. Ra7 Rc8 31. Nxf7+ Kg8 32.
Nh6+ Kg7 33. Ng3 Bxc2 34. Ngf5+ Kf8 35. g3 Be4 36. Ke2 d3+ 37. Kd2 c4 38.
Kc3 Bd5 39. Ne3 Bb6 40. Nxd5 Bxa7 41. Nf5 Re8 42. Nb4 Re2 43. a4 Bc5 44. a3
Bxb4+ 45. axb4 Rc2+ 46. Kd4 d2 47. Ne3 Rc1 48. a5 Re1 0-1

[Event "ECC"]
[Site "Halkidiki GRE"]
[Date "2002.09.24"]
[Round "3"]
[White "Lehtinen,H"]
[Black "Gulbas,C"]
[Result "1/2-1/2"]
[WhiteElo "2338"]
[BlackElo "2301"]
[EventDate "2002.09.22"]

1. c4 c5 2. g3 Nc6 3. Bg2 g6 4. Nc3 Bg7 5. Nf3 e6 6. d4 cxd4 7. Nb5 d5 8.
cxd5 Qa5+ 9. Qd2 Qxb5 10. dxc6 Qxc6 11. O-O Ne7 12. Nxd4 Qb6 13. Nb3 O-O
14. Rd1 Nc6 15. Qg5 e5 16. Qh4 Nd4 17. Nxd4 exd4 18. Bh6 Bf6 19. Qf4 Re8
20. Rac1 Bf5 21. g4 Be5 22. Qf3 Bd7 23. Qxb7 Qe6 24. Qb3 Qxg4 25. h3 Qh4
26. Bxa8 Qxh6 27. Bg2 Bf5 28. Rc5 Qf4 29. Qg3 Qxg3 30. fxg3 Bxg3 31. Kf1 d3
32. e4 Bxe4 33. Bxe4 Rxe4 34. Rxd3 Bh4 35. Rc2 h5 36. Ra3 Re7 37. b4 Bf6
38. Rd3 Re4 39. b5 Rb4 40. Rd5 Bd4 41. Ke2 Bb6 42. Kf3 Ra4 43. Rd3 Rb4
1/2-1/2

[Event "ECC"]
[Site "Halkidiki GRE"]
[Date "2002.09.24"]
[Round "3"]
[White "Hautot,S"]
[Black "Penttinen,J"]
[Result "1-0"]
[WhiteElo "2273"]
[BlackElo "2366"]
[EventDate "2002.09.22"]

1. e4 c5 2. Nf3 d6 3. d4 cxd4 4. Nxd4 Nf6 5. Nc3 a6 6. Be3 e5 7. Nb3 Be7 8.
f3 Be6 9. Qd2 Nbd7 10. g4 h6 11. O-O-O b5 12. Qf2 Rb8 13. h4 Nb6 14. Kb1
Nc4 15. Bc1 Qc7 16. Bg2 b4 17. Nd5 Bxd5 18. exd5 a5 19. g5 hxg5 20. hxg5
Rxh1 21. Rxh1 Nxd5 22. f4 Ndb6 23. f5 f6 24. Rh7 d5 25. Rxg7 Qd6 26. Qh4
Nd7 27. Rg8+ Nf8 28. g6 a4 29. g7 Kd7 30. Rh8 axb3 31. cxb3 Ra8 32. g8=Q
Nb6 33. Bf1 Qc5 34. Qe1 Qa5 35. a4 Nxa4 36. bxa4 Qxa4 37. Qxd5+ Kc7 38.
Qc4+ 1-0

[Event "ECC"]
[Site "Halkidiki GRE"]
[Date "2002.09.24"]
[Round "3"]
[White "Mertanen,J"]
[Black "Goossens,E"]
[Result "1-0"]
[WhiteElo "2241"]
[BlackElo "2189"]
[EventDate "2002.09.22"]

1. d4 Nf6 2. c4 c5 3. d5 g6 4. Nc3 Bg7 5. e4 d6 6. Nge2 b5 7. cxb5 a6 8.
Ng3 O-O 9. Be2 axb5 10. Bxb5 Ba6 11. Bxa6 Nxa6 12. O-O Qb6 13. Rb1 Rfb8 14.
Re1 Nd7 15. Bg5 h6 16. Bxe7 Ne5 17. Nf1 f6 18. Ne3 Qc7 19. f4 Nf7 20. Qg4
Kh7 21. Nf5 Qd7 22. Qh4 gxf5 23. Bxf6 Rg8 24. e5 Bxf6 25. exf6 Rae8 26. Re7
Rxe7 27. fxe7 Nc7 28. Re1 Ne8 29. Qh5 Nh8 30. Re6 Rg6 31. Qxf5 Ng7 32. e8=Q
Nxe8 33. Qe4 Ng7 34. f5 Nxf5 35. Qxf5 Qg7 36. Qe4 Kg8 37. Re8+ Kh7 38. Re6
Kg8 39. a4 c4 40. Re8+ Kh7 41. Re7 Nf7 42. Ne2 1-0

[Event "ECC"]
[Site "Halkidiki GRE"]
[Date "2002.09.24"]
[Round "3"]
[White "Egeli,P"]
[Black "Kiik,K"]
[Result "1/2-1/2"]
[WhiteElo "2312"]
[BlackElo "2450"]
[EventDate "2002.09.22"]

1. c4 e5 2. g3 c6 3. Nf3 e4 4. Nd4 Nf6 5. Nc3 Bc5 6. Nb3 d6 7. Bg2 Bf5 8.
d4 Bb4 9. Qc2 O-O 10. O-O Re8 11. Bg5 Bxc3 12. Qxc3 h6 13. Bf4 Na6 14. Rad1
Nh5 15. Qa5 Qxa5 16. Nxa5 Nxf4 17. gxf4 Rab8 18. e3 Bd7 19. Nb3 f5 20. f3
exf3 21. Rxf3 Re7 22. Rg3 Be8 23. Nc1 Bh5 24. Rd3 Bf7 25. Rc3 Kf8 26. Kf2
Nc7 27. Nd3 Ne8 28. c5 Bxa2 29. Ra3 Bf7 30. Rxa7 dxc5 31. Nxc5 Nf6 32. Bf3
Bd5 33. Nd3 Bxf3 34. Kxf3 Ng4 35. Ne5 Nxe5+ 36. fxe5 g5 37. h4 Rg7 38. hxg5
hxg5 39. Ra1 Kf7 40. Rh1 Rbg8 41. Rh6 Rg6 42. Rh7+ R8g7 43. Rh8 Ke6 44.
Re8+ Re7 45. Rd8 Rd7 46. Re8+ Re7 47. Rd8 1/2-1/2